LEADER 00589naa a2200157 i 4500 001 000000293614 003 CaOOAMICUS 005 20180831172449.0 008 180831n xx u000 u und u 013 $a854 040 $aSeMil$bita 100 1 $aMerks, Karl-Wilhelm,$d<1939- >.$0(OLS)http://semarc/name/24582 245 10$aAutonome Moral. 650 4$aEtica e morale.$0(OLS)http://semarc/subject/612 773 0 $tMoraltheologie im Abseits?.$dFreiburg ; Basel ; Wien : Herder, 1994.$kQuaestiones disputatae $z3-451-02153-6$w()42123 996 $6245$aAutonome Moral$9(OLS)http://semarc/title/369701 LEADER 00820nas a2200193 i 4500 001 000000031374 003 CaOOAMICUS 005 20180830125449.0 008 180830n it uu u0 0ita r 040 $aSeMil$bita 245 13$aIl Cantiere :$bcorso pluriennale a schede per la formazione di base dei catechisti parrocchiali. 300 $av. ;$c22 cm. 773 0 $tEvangelizzare.$dBologna : EDB, 1976-2014.$w()2273 774 0 $tAnno 1.$dBologna : EDB, 1985.$w()238761 774 0 $tAnno 2.$dBologna : EDB, 1986.$w()238763 774 0 $tAnno 3.$dBologna : EDB, 1987.$w()238768 774 0 $tAnno 4.$dBologna : EDB, 1988.$w()238774 774 0 $tAnno 5.$dBologna : EDB, 1989.$w()238777 996 $6245$aIl Cantiere :$bcorso pluriennale a schede per la formazione di base dei catechisti parrocchiali$9(OLS)http://semarc/title/42662